00658nam a2200181Ia 4500003000900000008004100009020001800050040001600068080002100084245016100105260003600266300001200302650004600314650004100360700002800401700002300429700002400452IN-BaIIA211028s9999 xx 000 0 eng d a0-8243-0930-8 cIIA Library a047.1:52bARA-31 0aAnnual review of astronomy and astrophysicsbvol. 31cedited by Geoffrey Burbidge, David Layzer and Allan Sandage  aPalo AltobAnnual Reviewsc1993 avi,787p aAnnual Reviews-Astronomy and Astrophysics aAstronomy and Astrophysics Thesaurus aBurbidge, Geoffrey, ed. aLayzer, David, ed. aSandage, Allan, ed.